Catálogo
 En Linea

Boletín de la Comisión Nacional Dominicana de de la UNESCO. (Registro nro. 36582)

Detalles MARC
000 -CABECERA
campo de control de longitud fija 00551nas a2200181 4500
001 - NÚMERO DE CONTROL
campo de control 000037092
005 - FECHA Y HORA DE LA ÚLTIMA TRANSACCIÓN
campo de control 20200930080132.0
008 - DATOS DE LONGITUD FIJA--INFORMACIÓN GENERAL
campo de control de longitud fija 120213c19799999dr r1p dd 0 0spa d
040 ## - FUENTE DE LA CATALOGACIÓN
Centro catalogador/agencia de origen DO-SdBNP
Lengua de catalogación spa
Centro/agencia transcriptor BNPHU
043 ## - CÓDIGO DE ÁREA GEOGRÁFICA
Código de área geográfica nwdr
245 00 - MENCIÓN DE TÍTULO
Título Boletín de la Comisión Nacional Dominicana de de la UNESCO.
260 ## - PUBLICACIÓN, DISTRIBUCIÓN, ETC.
Lugar de publicación, distribución, etc. Santo Domingo :
Nombre del editor, distribuidor, etc. UNESCO.
300 ## - DESCRIPCIÓN FÍSICA
Extensión v. :
Otras características físicas il., retrs. ;
Dimensiones 22 cm.
310 ## - PERIODICIDAD ACTUAL
Periodicidad actual [Mensual ]
362 1# - FECHAS DE PUBLICACIÓN Y/O DESIGNACIÓN SECUENCIAL
Fecha de publicación y/o designación secuencial Año 10. no. 14
500 ## - NOTA GENERAL
Nota general Incluye notas al pie de las páginas
500 ## - NOTA GENERAL
Nota general Catalogación basada en el Año 10. no. 14
Existencias
Estado de retiro Estado de pérdida Especificación de materiales (volumen encuadernado u otra parte) Restricciones de uso No para préstamo Código de colección Localización permanente Ubicación/localización actual Ubicación en estantería Fecha de adquisición Fuente de adquisición Enumeración/cronología de publicación seriada Número de inventario Total de préstamos Signatura topográfica completa Código de barras Fecha visto por última vez Precio válido a partir de Tipo de ítem Koha Nota pública
    Préstamo en sala Préstamo en sala   Hemeroteca Patrimonio Dominicano Patrimonio Dominicano No recibido 17.04.2012 4 Año 10. no. 14 (1979) 201204172012041720111106   no. 14 37092-10-14-1 08.08.2020 08.08.2020 Publicación periódica Perteneció a la biblioteca personal de Carlos Larrazábal Blanco
    Préstamo en sala Préstamo en sala   Hemeroteca Patrimonio Dominicano Patrimonio Dominicano No recibido 17.04.2012 4 Año 5. no. 7(1974) 201204172012041720111107   no. 7 37092-5-7-1 08.08.2020 08.08.2020 Publicación periódica Perteneció a la biblioteca personal de Carlos Larrazábal Blanco
    Préstamo en sala Préstamo en sala   Hemeroteca Patrimonio Dominicano Patrimonio Dominicano No recibido 17.04.2012 4 Año 7. no. 9 (1976) 201204172012041720111107   no. 7 37092-7-9-1 08.08.2020 08.08.2020 Publicación periódica Perteneció a la biblioteca personal de Carlos Larrazábal Blanco

Con tecnología Koha